[Event "CrunchLab Masters Div 2 W"]
[Site "chess.com INT"]
[Date "2024.07.19"]
[Round "1.4"]
[White "Kramnik, V."]
[Black "Svane, Frederik"]
[Result "1-0"]
[WhiteElo "2753"]
[BlackElo "2636"]
[PlyCount "95"]
[EventDate "2024.07.19"]
[EventType "k.o."]

1. Nf3 d5 2. g3 Nf6 3. Bg2 e6 4. O-O Be7 5. d3 O-O 6. Re1 Nc6 ({RR} 6... c5 7. Nc3 Nc6 8. e4 d4 9. Nb1 e5 10. a4 Be6 11. Na3 Nd7 12. Nd2 a6 13. h3 b5 14. Kh2 Nb6 15. axb5 axb5 16. Rb1 Ra5 17. Rf1 c4 18. dxc4 bxc4 19. Qe2 c3 20. Ndc4 Nxc4 21. Nxc4 {Gokhale,R (2079)-Makarian,R (2525) chess.com INT 2024 0-1 (34)}) 7. d4 ({RR} 7. a3 a5 8. Nc3 e5 9. e4 dxe4 10. dxe4 Be6 11. Bg5 h6 12. Bxf6 Bxf6 13. Nd5 Nd4 14. Nxf6+ Qxf6 15. Nxd4 exd4 16. e5 Qd8 17. Bxb7 Rb8 18. Qf3 c5 19. b3 a4 20. b4 cxb4 21. axb4 Qc7 {Amin,B (2684)-Nepomniachtchi,I (2779) chess.com INT 2023 0-1 (48)}) 7... a5 8. Nc3 Ne4 9. Bf4 $146 ({RR} 9. Nb5 a4 10. Bf4 Bd6 11. Ne5 Nxe5 12. dxe5 Be7 13. c4 Bd7 14. Na3 Bc5 15. Rf1 f6 16. exf6 Nxf2 17. Rxf2 Bxf2+ 18. Kxf2 Qxf6 19. Kg1 Qxb2 20. Qc1 Qxe2 21. cxd5 exd5 22. Bxd5+ Kh8 23. Qc3 Rae8 {Firouzja,A (2777)-Niemann,H (2667) Douglas IOM 2023 ½-½ (53)}) 9... Nxc3 10. bxc3 b5 11. e4 Ba6 12. Ne5 Nxe5 13. Bxe5 c6 14. Qg4 Bf6 15. Bf4 Re8 16. e5 Be7 17. h4 Kh8 18. Re3 b4 19. Bg5 h6 20. Bf4 c5 21. Qh5 Kg8 22. Rae1 Bf8 23. dxc5 Rc8 24. cxb4 axb4 25. Qg4 Kh8 26. Rf3 Rxc5 27. Be3 d4 28. Bxd4 Rc4 29. Rf4 Qc7 30. Bf1 Rc6 31. Qf3 Kg8 32. Bxa6 Rxa6 33. Rg4 Qxc2 34. Be3 Qh7 35. Rc1 Raa8 36. Rc7 Qf5 37. Rf4 Qb1+ 38. Kh2 Rxa2 39. Rcxf7 Ra1 40. Rxf8+ Rxf8 41. Rxf8+ Kh7 42. Rf7 Qg6 43. Qf6 Qg4 44. Qf4 Qg6 45. Rb7 b3 46. Rxb3 Rd1 47. Rb7 Ra1 48. Re7 1-0

[Event "CrunchLab Masters Div 2 L"]
[Site "chess.com INT"]
[Date "2024.07.21"]
[Round "2.1"]
[White "Nakamura, Hi"]
[Black "Matlakov, M."]
[Result "1-0"]
[WhiteElo "2802"]
[BlackElo "2651"]
[PlyCount "175"]
[EventDate "2024.07.20"]
[EventType "k.o."]

1. Nf3 d5 2. g3 Nf6 3. Bg2 e6 4. O-O Be7 5. d3 O-O 6. Nbd2 a5 7. a4 Nc6 8. d4 b6 9. c3 Bb7 10. Re1 h6 11. e4 $146 ({RR} 11. Qc2 Nb8 12. b3 c5 13. Bb2 Nc6 14. e3 Qc7 15. Rac1 Rac8 16. Qb1 Qb8 17. Qa1 Rfe8 18. Red1 Ba6 19. c4 Nb4 20. Ne5 Bb7 21. cxd5 Bxd5 22. Ndc4 Bxg2 23. Kxg2 Red8 24. dxc5 Bxc5 25. Nf3 Rxd1 {Liang,A (2684)-Kung,T (2196) Charlotte USA 2025 1-0 (64)}) 11... Nxe4 12. Nxe4 dxe4 13. Rxe4 Bf6 14. Re1 Ne7 15. h4 Re8 16. Nd2 Bxg2 17. Kxg2 Qd5+ 18. Kg1 Nf5 19. Qf3 c5 20. dxc5 bxc5 21. Ne4 Be7 22. Bf4 Qb3 23. Qe2 Red8 24. Qb5 Qd5 25. Rad1 Qxd1 26. Rxd1 Rxd1+ 27. Kg2 Rd5 28. h5 Bf8 29. Qb7 Rad8 30. Bc7 R5d7 31. Qb6 Rc8 32. Bf4 Ne7 33. Qa6 c4 34. Bxh6 Rc6 35. Qxa5 f5 36. Bxg7 Bxg7 37. Ng5 Bf6 38. Nf3 Kg7 39. Ne5 Bxe5 40. Qxe5+ Kh7 41. Qf6 Rdc7 42. Qf7+ Kh6 43. f3 e5 44. a5 e4 45. fxe4 fxe4 46. g4 Ng6 47. Qf2 Ne7 48. Qf4+ Kg7 49. Qxe4 Kf7 50. Qh7+ Ke8 51. h6 Rg6 52. Qh8+ Kf7 53. Qe5 Rc8 54. Qf4+ Kg8 55. a6 Rxa6 56. Qe5 Rxh6 57. Qxe7 Rg6 58. Kg3 Rcc6 59. g5 Rge6 60. Qd8+ Kg7 61. Kg4 Red6 62. Qe7+ Kg6 63. Qe4+ Kg7 64. Kh5 Re6 65. Qd4+ Kh7 66. Qd7+ Kg8 67. Qd2 Kg7 68. Qf2 Kg8 69. Qf4 Kg7 70. Qf5 Red6 71. Qb5 Re6 72. b3 cxb3 73. Qxb3 Red6 74. Qb7+ Kg8 75. c4 Re6 76. c5 Kh8 77. Qd7 Kg8 78. Qd5 Kg7 79. Kg4 Ra6 80. Kf5 Rec6 81. Kg4 Re6 82. Qb7+ Kg8 83. Kh5 Rac6 84. Qb1 Ra6 85. g6 Rac6 86. Kh6 Rc8 87. Qb7 Rxg6+ 88. Kxg6 1-0

[Event "CrunchLab Masters Div 2 L"]
[Site "chess.com INT"]
[Date "2024.07.21"]
[Round "2.3"]
[White "Kramnik, V."]
[Black "Aronian, L."]
[Result "1-0"]
[WhiteElo "2753"]
[BlackElo "2729"]
[PlyCount "135"]
[EventDate "2024.07.20"]
[EventType "k.o."]

1. Nf3 d5 2. g3 g6 3. Bg2 Bg7 4. O-O Nf6 5. d3 O-O 6. Nbd2 Nc6 7. e4 e5 8. c3 a5 9. a4 h6 10. Re1 Re8 11. Qc2 Be6 12. exd5 Bxd5 13. b3 $146 ({RR} 13. Ne4 Nd7 14. Nfd2 Nb6 15. f3 f5 16. Nc5 Nd7 17. Ndb3 b6 18. Nxd7 Qxd7 19. Be3 Rad8 20. Rad1 Ne7 21. Nc1 Bc6 22. b3 Nd5 23. Bf2 Qf7 24. Ne2 f4 25. g4 Nf6 26. c4 Nh7 27. Nc3 Ng5 {Bazan,O-Bielicki,C Buenos Aires 1962 1-0 (60)}) 13... Qd7 14. Bb2 Rad8 15. Rad1 Nh7 16. h4 f5 17. Qb1 Qf7 18. c4 Bxf3 19. Bxf3 Nb4 20. Nf1 c6 21. Bg2 g5 22. Nh2 gxh4 23. gxh4 Nf6 24. Bxe5 Nh5 25. d4 Bxe5 26. Rxe5 Rxe5 27. dxe5 Rxd1+ 28. Qxd1 Nf4 29. Bf1 Qg7+ 30. Kh1 Qxe5 31. Qd8+ Kg7 32. Qd7+ Kg6 33. h5+ Kf6 34. Qh7 Qe4+ 35. Kg1 Nc2 36. Qxh6+ Kf7 37. Qh7+ Kf8 38. Qh8+ Kf7 39. h6 Nd4 40. Qg7+ Ke6 41. h7 Nde2+ 42. Bxe2 Nxe2+ 43. Kf1 Nf4 44. Qh6+ Kd7 45. Qxf4 Qxf4 46. h8=Q Qe4 47. Qh3 Kd6 48. Kg1 Qe1+ 49. Kg2 Qe4+ 50. Qf3 Qe5 51. Qd3+ Kc5 52. Nf3 Qg7+ 53. Kf1 Kb4 54. Nd2 Qa1+ 55. Ke2 Qe5+ 56. Qe3 Qb2 57. Qe7+ c5 58. Qxb7+ Ka3 59. Qd5 f4 60. Qxc5+ Ka2 61. Qd5 f3+ 62. Qxf3 Qe5+ 63. Qe3 Qh5+ 64. Nf3 Qf5 65. Qd2+ Ka3 66. Qd3 Qe6+ 67. Qe3 Qf5 68. Qc1+ 1-0

[Event "CrunchLab Masters Div 3 W"]
[Site "chess.com INT"]
[Date "2024.07.19"]
[Round "1.2"]
[White "Santos Latasa, J."]
[Black "Blohberger, Felix"]
[Result "1-0"]
[WhiteElo "2631"]
[BlackElo "2527"]
[PlyCount "77"]
[EventDate "2024.07.19"]
[EventType "k.o."]

1. Nf3 d5 2. e3 Nf6 3. c4 e6 4. Nc3 Bd6 5. b3 O-O 6. Bb2 Nc6 7. Nb5 $146 ({RR} 7. d4 dxc4 8. bxc4 e5 9. Be2 Re8 10. O-O exd4 11. Nxd4 Nxd4 12. exd4 Bf5 13. Bf3 c6 14. Qb3 Ng4 15. g3 h5 16. Rae1 Qd7 17. Ne4 Bf8 18. Re2 Rad8 19. Rfe1 b5 20. cxb5 cxb5 21. h3 Nh6 {So,W (2760)-Gukesh,D (2732) Stavanger NOR 2023 1-0 (33)}) ({RR} 7. a3 a6 8. Qc2 Re8 9. Bd3 h6 10. Rg1 Ng4 11. h3 Nge5 12. Nxe5 Bxe5 13. f4 Bxc3 14. Qxc3 e5 15. cxd5 Qxd5 16. O-O-O Be6 17. f5 Bd7 18. g4 b5 19. g5 b4 20. Qc4 Qxc4+ 21. Bxc4 Bxf5 {Peng,L (2504)-Sahithi Varshini M (2289) Pozarevac SRB 2025 1-0 (44)}) ({RR} 7. a3 d4 8. Nxd4 Nxd4 9. exd4 c6 10. Qf3 e5 11. Ne4 Nxe4 12. Qxe4 f5 13. Qd3 exd4 14. Qxd4 Re8+ 15. Be2 Qc7 16. Kf1 Be5 17. Qe3 f4 18. Bxe5 Rxe5 19. Qxf4 Qe7 20. Bf3 Qd6 21. Be4 Bf5 {Bournel,A (2403)-Blohberger,F (2536) Petrovac MNE 2024 0-1 (43)}) 7... e5 8. Nxd6 cxd6 9. cxd5 Nxd5 10. Be2 Be6 11. O-O h6 12. Rc1 Rc8 13. a3 a5 14. Bc4 Qe7 15. Re1 Nb6 16. Bf1 f6 17. d3 Qf7 18. Nd2 d5 19. b4 axb4 20. axb4 Rfd8 21. b5 Na7 22. d4 e4 23. Ra1 Ra8 24. Bc3 Nac8 25. Rxa8 Nxa8 26. Qb3 b6 27. Rc1 Nc7 28. Bb4 Ne8 29. Nb1 f5 30. Nc3 Ned6 31. Qa3 Nc4 32. Bxc4 dxc4 33. Qa8 Qc7 34. Qc6 Qd7 35. h3 Kf7 36. Ra1 Kg8 37. Ra8 Kh7 38. d5 Bf7 39. Qxd7 1-0

[Event "CrunchLab Masters Div 3 W"]
[Site "chess.com INT"]
[Date "2024.07.19"]
[Round "1.3"]
[White "Alekseev, Evgeny"]
[Black "Gledura, B."]
[Result "1-0"]
[WhiteElo "2550"]
[BlackElo "2620"]
[PlyCount "31"]
[EventDate "2024.07.19"]
[EventType "k.o."]

1. Nf3 d5 2. e3 Bg4 3. c4 Nc6 4. cxd5 Qxd5 5. Nc3 Qh5 6. Bb5 ({RR} 6. Be2 Nf6 7. h3 O-O-O 8. O-O e6 9. Re1 Ne5 10. hxg4 Nfxg4 11. d4 Ng6 12. Qa4 a6 13. Ne4 Bd6 14. Nxd6+ Rxd6 15. Bd2 e5 16. Qa5 Rhd8 17. Rac1 R8d7 18. Rc5 b6 19. Qxa6+ Kb8 20. Qb5 Kc8 {Anton Guijarro,D (2673)-Shirov,A (2661) chess.com INT 2024 1-0}) 6... O-O-O $146 ({RR} 6... Nf6 7. Bxc6+ bxc6 8. h3 e5 9. Rh2 Bxf3 10. Qxf3 Qxf3 11. gxf3 Nd5 12. Nd1 Bd6 13. Rg2 g6 14. b3 Kd7 15. Ke2 Rhb8 16. Nb2 a5 17. Rg4 f5 18. Rg1 Nb6 19. d3 a4 20. Bd2 axb3 21. axb3 {Daly,C (2329)-Delaney,K (2206) Dublin 2018 ½-½ (54)}) 7. Bxc6 bxc6 8. Qe2 Kb8 9. Ne4 Nf6 10. Ng3 Qb5 11. Qxb5+ cxb5 12. Ne5 Rd5 13. Nxf7 Rg8 14. d4 Nd7 15. f3 Be6 16. Nd8 1-0

[Event "CrunchLab Masters Div 3 W"]
[Site "chess.com INT"]
[Date "2024.07.19"]
[Round "2.3"]
[White "Puranik, A."]
[Black "Beerdsen, Thomas"]
[Result "1-0"]
[WhiteElo "2634"]
[BlackElo "2510"]
[PlyCount "79"]
[EventDate "2024.07.19"]
[EventType "k.o."]

1. Nf3 d5 2. g3 Nc6 3. d4 g6 4. Bg2 Bg7 5. O-O Nf6 ({RR} 5... e6 6. b3 Nge7 7. Bb2 O-O 8. c4 a5 9. e3 b6 10. Qd2 Ba6 11. Rc1 h6 12. cxd5 exd5 13. Nc3 Qd7 14. a3 g5 15. Rc2 f6 16. Rac1 Bb7 17. Ne1 Nd8 18. Nd3 Rc8 19. a4 Nf7 20. Ba3 {Miles,A (2600)-Morozevich,A (2575) London 1994 0-1 (44)}) 6. c3 ({RR} 6. c4 h5 7. h4 Bg4 8. Nc3 dxc4 9. Ne5 Nxd4 10. Bxb7 Rb8 11. Qa4+ Kf8 12. Nxg4 Nxg4 13. Bg2 c5 14. Qxc4 Ne5 15. Qxc5 Rc8 16. Qxa7 Ndc6 17. Qe3 Ng4 18. Qe4 Nd4 19. Bg5 f5 20. Qd3 Qb6 {Arakelyan,M (2282)-Harshal,S (2143) chess.com INT 2025 1-0}) ({RR} 6. b3 h5 7. Bb2 Bf5 8. c4 e6 9. Ne5 h4 10. Nd2 hxg3 11. hxg3 Nxe5 12. dxe5 Ng4 13. cxd5 exd5 14. e4 dxe4 15. Qe2 e3 16. fxe3 O-O 17. Bxb7 Rb8 18. e4 Be6 19. Bd5 Bxd5 20. exd5 Qxd5 {Wempe,J (2287)-Beerdsen,T (2504) Netherlands NED 2024 0-1 (35)}) 6... a5 $146 ({RR} 6... Bf5 7. Nbd2 O-O 8. Nh4 Bg4 9. h3 Be6 10. Qc2 Qd7 11. Kh2 Bh6 12. e4 Bxd2 13. exd5 Nxd5 14. Bxd2 Qd6 15. f4 f5 16. Rae1 Na5 17. b3 Nc6 18. Nf3 h6 19. a3 a5 20. c4 Rfd8 21. cxd5 {Laino Alvarez,M (1922)-Lad,F Tenerife 2013 1-0 (36)}) 7. a4 h5 8. Bf4 Bf5 9. Nbd2 e6 10. Nh4 Ne4 11. Nxf5 gxf5 12. Nxe4 fxe4 13. f3 exf3 14. Bxf3 h4 15. e4 hxg3 16. Bxg3 Ne7 17. Qb3 dxe4 18. Bxe4 Bxd4+ 19. Kg2 Bb6 20. Rad1 Qc8 21. Qb5+ Kf8 22. Qe5 Rg8 23. Kh1 Nf5 24. Bf4 Nd6 25. Rxd6 cxd6 26. Qxd6+ Ke8 27. Qxb6 Qc4 28. Qb5+ Qxb5 29. axb5 Rd8 30. Bxb7 Ke7 31. b6 f6 32. Be4 e5 33. Be3 f5 34. Bxf5 Kd6 35. Rd1+ Kc6 36. Be4+ Kb5 37. Rxd8 Rxd8 38. b7 a4 39. Ba7 a3 40. bxa3 1-0

[Event "CrunchLab Masters Div 3 W"]
[Site "chess.com INT"]
[Date "2024.07.21"]
[Round "4.4"]
[White "Alekseev, Evgeny"]
[Black "Anton Guijarro, D."]
[Result "1-0"]
[WhiteElo "2550"]
[BlackElo "2669"]
[PlyCount "93"]
[EventDate "2024.07.19"]
[EventType "k.o."]

1. Nf3 d5 2. e3 Nf6 3. c4 dxc4 4. Bxc4 e6 5. b3 c5 6. Bb2 Nc6 7. Nc3 a6 8. Be2 Be7 9. g4 $146 ({RR} 9. a3 e5 10. Qc2 Bg4 11. h3 Bh5 12. Nh4 Bxe2 13. Nxe2 O-O 14. Nf5 Re8 15. O-O Bf8 16. f4 g6 17. Nfg3 Rc8 18. Rf2 Bg7 19. Raf1 Rc7 20. f5 Rd7 21. Nc3 b6 22. Nce4 Nxe4 23. Nxe4 Kh8 {Alekseev,E (2550)-Anton Guijarro,D (2669) chess.com INT 2024 1-0}) 9... h6 10. Rg1 e5 11. g5 hxg5 12. Nxg5 Bf5 13. Bc4 Rf8 14. Qf3 Qd7 15. Na4 Bg4 16. Nb6 Bxf3 17. Nxd7 Nxd7 18. Nxf3 Bf6 19. Ng5 Nb4 20. Kd1 Rd8 21. a3 Nc6 22. Kc2 Nb6 23. Be2 Rh8 24. h3 Ke7 25. Rg3 Nc8 26. Ne4 Nd6 27. Nxf6 gxf6 28. Bf3 c4 29. b4 a5 30. bxa5 Nxa5 31. Bc3 Nb3 32. Rh1 Ke6 33. Bb4 Nb5 34. h4 Ra8 35. Kb2 Rhd8 36. Rd1 Rd7 37. e4 Rdd8 38. Bg4+ f5 39. Bxf5+ Kf6 40. h5 Rh8 41. Rh1 Rad8 42. h6 Nxd2 43. h7 c3+ 44. Ka2 Nxe4 45. Bxe4 Rd2+ 46. Ka1 Nd4 47. Rh6# 1-0

[Event "CrunchLab Masters Div 3 W"]
[Site "chess.com INT"]
[Date "2024.07.21"]
[Round "4.5"]
[White "Alekseev, Evgeny"]
[Black "Anton Guijarro, D."]
[Result "1-0"]
[WhiteElo "2550"]
[BlackElo "2669"]
[PlyCount "57"]
[EventDate "2024.07.19"]
[EventType "k.o."]

1. Nf3 d5 2. e3 Nf6 3. c4 dxc4 4. Bxc4 e6 5. b3 c5 6. Bb2 Nc6 7. Nc3 a6 8. Be2 Be7 9. a3 $146 ({RR} 9. g4 h6 10. Rg1 e5 11. g5 hxg5 12. Nxg5 Bf5 13. Bc4 Rf8 14. Qf3 Qd7 15. Na4 Bg4 16. Nb6 Bxf3 17. Nxd7 Nxd7 18. Nxf3 Bf6 19. Ng5 Nb4 20. Kd1 Rd8 21. a3 Nc6 22. Kc2 Nb6 23. Be2 Rh8 {Alekseev,E (2550)-Anton Guijarro,D (2669) chess.com INT 2024 1-0 (47)}) 9... e5 10. Qc2 Bg4 11. h3 Bh5 12. Nh4 Bxe2 13. Nxe2 O-O 14. Nf5 Re8 15. O-O Bf8 16. f4 g6 17. Nfg3 Rc8 18. Rf2 Bg7 19. Raf1 Rc7 20. f5 Rd7 21. Nc3 b6 22. Nce4 Nxe4 23. Nxe4 Kh8 24. b4 Qh4 25. bxc5 b5 26. Nd6 Rb8 27. fxg6 fxg6 28. Qb3 h6 29. Qe6 1-0

[Event "CrunchLab Masters Div 3 L"]
[Site "chess.com INT"]
[Date "2024.07.19"]
[Round "1.1"]
[White "Blohberger, Felix"]
[Black "Sindarov, Javokhir"]
[Result "1-0"]
[WhiteElo "2527"]
[BlackElo "2674"]
[PlyCount "109"]
[EventDate "2024.07.19"]
[EventType "k.o."]

1. Nf3 Nf6 2. g3 g6 3. b3 Bg7 4. Bb2 d6 5. d4 O-O 6. Bg2 e5 7. dxe5 Nfd7 8. Nc3 Nxe5 9. Nxe5 dxe5 10. Qxd8 Rxd8 11. Nd5 Rd7 12. O-O-O Nc6 13. Rd2 $146 ({RR} 13. e3 f5 14. Bf1 e4 15. Bb5 a6 16. Bxg7 Kxg7 17. Bxc6 bxc6 18. Nb4 c5 19. Rxd7+ Bxd7 20. Rd1 Be6 21. Nd5 Rc8 22. c4 Kf7 23. Nc3 Rb8 24. Na4 Ke7 25. Nxc5 Rb6 26. Kc2 Rc6 27. Nxe6 Rxe6 {Baski,B (2226)-Forgacs,A (2046) Eger 2021 1-0 (36)}) 13... f5 14. Rhd1 Rf7 15. Ne3 Be6 16. Bxc6 bxc6 17. Rd8+ Rf8 18. Rxa8 Rxa8 19. Nc4 Bh6+ 20. e3 f4 21. Bxe5 Bxc4 22. bxc4 fxe3 23. fxe3 Bxe3+ 24. Kb2 Rb8+ 25. Kc3 Rf8 26. Rd7 Rf7 27. Rxf7 Kxf7 28. Bd4 Bg5 29. Bxa7 Ke6 30. a4 Kd6 31. Bd4 c5 32. Bf2 Kc6 33. Kd3 Kb6 34. Be1 Bf6 35. Ke4 c6 36. g4 Ka6 37. h3 Kb6 38. Kd3 Ka6 39. Bd2 Kb6 40. Ke4 Ka6 41. Be3 Ka5 42. Bxc5 Kxa4 43. Bd4 Bh4 44. Bc3 Bg3 45. Be5 Bh4 46. Bd6 Bf6 47. Bc5 Bc3 48. Ke3 Bf6 49. Kf4 Bc3 50. Kg5 Bg7 51. h4 Ka5 52. h5 gxh5 53. gxh5 Ka6 54. Kf5 Kb7 55. Ke6 1-0

[Event "CrunchLab Masters Div 3 L"]
[Site "chess.com INT"]
[Date "2024.07.19"]
[Round "1.2"]
[White "Meier, Geo"]
[Black "Samadov, Read"]
[Result "1-0"]
[WhiteElo "2591"]
[BlackElo "2503"]
[PlyCount "115"]
[EventDate "2024.07.19"]
[EventType "k.o."]

1. Nf3 Nf6 2. g3 g6 3. Bg2 Bg7 4. O-O O-O 5. d4 d6 6. b3 b5 7. Nbd2 Bb7 8. c4 a6 9. Bb2 Nbd7 ({RR} 9... Ne4 10. Re1 c5 11. Nh4 f5 12. Qc2 Nc6 13. Nxe4 fxe4 14. Qxe4 Rb8 15. Qe6+ Kh8 16. e3 g5 17. Nf5 Bf6 18. Rab1 Bc8 19. Qe4 bxc4 20. bxc4 Qa5 21. Ba1 Rxb1 22. Rxb1 Qxa2 23. Rf1 Bd7 24. Nxe7 {Nguyen,P (2399)-Zalega,M (2159) Krakow POL 2025 1-0 (41)}) 10. Qc2 c5 11. d5 Rb8 $146 ({RR} 11... Ra7 12. e4 e5 13. dxe6 fxe6 14. Ng5 Re8 15. f4 Qa8 16. Rae1 Bc6 17. Bh3 Nf8 18. e5 dxe5 19. fxe5 N6d7 20. Nde4 Nxe5 21. Nf6+ Bxf6 22. Rxf6 Ned7 23. Rf7 e5 24. Rxh7 Qd8 25. Qf2 Re7 26. Nf7 {Campos Jimenez,A (2263)-Yanayt,E (2095) New York USA 2023 1-0 (31)}) 12. Rab1 Re8 13. Rfd1 Qc7 14. a3 Nb6 15. e4 e5 16. Bc3 Bc8 17. Ba5 Qe7 18. b4 Na4 19. bxc5 Nxc5 20. Bb4 Nfd7 21. Bf1 f5 22. exf5 gxf5 23. Nh4 f4 24. Nb3 Nxb3 25. Rxb3 Nf6 26. Nf5 Bxf5 27. Qxf5 bxc4 28. Bxc4 Qc7 29. Bxa6 Kh8 30. Rc3 Qa7 31. Rc6 Rb6 32. Bf1 fxg3 33. hxg3 e4 34. Bxd6 Rxc6 35. dxc6 e3 36. c7 exf2+ 37. Qxf2 Qa4 38. Rd4 Qb3 39. Rc4 Rc8 40. Qf5 Qb6+ 41. Kh1 Qb7+ 42. Bg2 Qa6 43. Rc6 Qb7 44. Rb6 Qxb6 45. Qxc8+ Ng8 46. Qb8 Qxd6 47. c8=Q Qd1+ 48. Kh2 Qh5+ 49. Qh3 Qf7 50. Qa8 Be5 51. Qg4 h5 52. Qg5 Bg7 53. Qad5 Qf8 54. Qdd8 Qf7 55. Qdd5 Qf8 56. Qxh5+ Nh6 57. Qe6 Qb8 58. Qee8+ 1-0

[Event "8th Irena Warakomska Mem"]
[Site "Suwalki POL"]
[Date "2024.07.25"]
[Round "9.3"]
[White "Pultinevicius, Paulius"]
[Black "Nasuta, G."]
[Result "1-0"]
[WhiteElo "2599"]
[BlackElo "2551"]
[PlyCount "69"]
[EventDate "2024.07.18"]

1. Nf3 d5 2. e3 Nf6 3. c4 c6 4. Nc3 e6 5. b3 Bd6 6. Bb2 O-O 7. Be2 b6 8. d4 Nbd7 9. O-O Bb7 10. Qc2 Qe7 11. a4 a5 12. Rad1 Rad8 13. Bd3 h6 14. h3 Rfe8 15. Rfe1 Bb4 16. Re2 Rc8 $146 ({RR} 16... c5 17. cxd5 cxd4 18. Nxd4 Nxd5 19. Nxd5 Bxd5 20. Bh7+ Kh8 21. Be4 Bxe4 22. Qxe4 Nf6 23. Qb1 Qb7 24. Rc2 Bc5 25. Rcc1 Kg8 26. Nf3 Ne4 27. Qa1 Bf8 28. Bd4 f6 29. Qb1 e5 30. Bb2 Bb4 31. Rc4 {Ivic,V (2553)-Santos Latasa,J (2677) Kirchweyhe GER 2023 ½-½ (31)}) ({RR} 16... Ba3 17. Ba1 Bb4 18. e4 Bxc3 19. Qxc3 dxe4 20. Bxe4 Qb4 21. Qxb4 axb4 22. Bc2 Kf8 23. Red2 Ke7 24. Bb2 Rg8 25. Ne1 c5 26. f3 g5 27. Nd3 Nh5 28. dxc5 bxc5 29. Ne5 Nxe5 30. Bxe5 Rxd2 31. Rxd2 {Peycheva,G (2212)-Guha,R (2154) Charlotte USA 2025 1-0 (47)}) 17. e4 Bxc3 18. Bxc3 dxe4 19. Bxe4 Nxe4 20. Rxe4 f6 21. Rde1 Qf7 22. Qe2 Nf8 23. Nh4 Rcd8 24. Nf5 c5 25. d5 Bc8 26. f4 Kh8 27. Kh2 Kh7 28. g4 Kh8 29. g5 e5 30. gxf6 Bxf5 31. fxg7+ Qxg7 32. Rxe5 Kh7 33. Rxe8 Rxe8 34. Qxe8 Qxc3 35. Re7+ 1-0

[Event "Titled Tue 23rd Jul Early"]
[Site "chess.com INT"]
[Date "2024.07.23"]
[Round "5"]
[White "Matlakov, M."]
[Black "Deac, Bogdan-Daniel"]
[Result "1-0"]
[WhiteElo "2651"]
[BlackElo "2683"]
[PlyCount "151"]
[EventDate "2024.07.23"]

1. Nf3 d5 2. g3 c5 3. Bg2 Nc6 4. d4 Nf6 5. O-O e6 6. c4 dxc4 7. dxc5 Qxd1 8. Rxd1 Bxc5 9. Nbd2 c3 10. bxc3 O-O 11. Ne1 Rd8 12. Nd3 Be7 13. Ne4 Nxe4 14. Bxe4 Bd7 15. Rb1 Na5 16. Bxb7 $146 ({RR} 16. Bf4 Ba4 17. Bc7 Bxd1 18. Rxd1 b6 19. Bxa8 Rxa8 20. Nb4 Kf8 21. Na6 Rc8 22. g4 f6 23. h4 e5 24. e3 Ke8 25. f4 exf4 26. exf4 Nb7 27. Re1 Kf7 28. Bb8 Nc5 29. Nb4 Rxb8 30. Rxe7+ Kxe7 {Garcia Martin,M (2325)-Kovanova,B (2331) Warsaw 2021 0-1 (35)}) 16... Nxb7 17. Rxb7 Ba4 18. Re1 Bf6 19. c4 Rdc8 20. c5 Bc6 21. Rb3 a5 22. Rb6 Bd5 23. a3 Bd8 24. Rb1 Be7 25. Be3 f6 26. Rec1 e5 27. f3 Kf7 28. Kf2 h5 29. h4 Rab8 30. Rxb8 Rxb8 31. Bd2 Ra8 32. Rb1 Ke8 33. e4 Bc6 34. Be3 Kd7 35. Nb2 Rb8 36. Rd1+ Ke6 37. Nc4 Rb3 38. Nxa5 Rb2+ 39. Rd2 Rxd2+ 40. Bxd2 Bxc5+ 41. Be3 Bxe3+ 42. Kxe3 Bb5 43. Nb3 Kd6 44. f4 Bc6 45. Nd2 Kc5 46. fxe5 fxe5 47. Nf3 Kd6 48. Ng5 Be8 49. Kd3 Kc5 50. Kc3 Kd6 51. Kb4 Kc6 52. a4 Kd6 53. a5 Bc6 54. a6 g6 55. a7 Kc7 56. Kc5 Ba8 57. Ne6+ Kd7 58. Nf8+ Ke7 59. Nxg6+ Kf6 60. Nf8 Ke7 61. Nh7 Bxe4 62. Ng5 Ba8 63. Nh3 Kf6 64. Nf2 Kf5 65. Kc4 Bb7 66. Kd3 Ba8 67. Ke3 Bb7 68. Nd1 Kg4 69. Kf2 Kf5 70. Ne3+ Ke4 71. Nc4 Kd4 72. Nd6 Ba8 73. g4 hxg4 74. h5 e4 75. Nf5+ Ke5 76. h6 1-0

[Event "Titled Tue 23rd Jul Early"]
[Site "chess.com INT"]
[Date "2024.07.23"]
[Round "8"]
[White "Firouzja, Alireza"]
[Black "Rasulov, Vu"]
[Result "1-0"]
[WhiteElo "2744"]
[BlackElo "2539"]
[PlyCount "87"]
[EventDate "2024.07.23"]

1. Nf3 Nf6 2. e3 g6 3. Be2 Bg7 4. O-O O-O 5. b3 Ne4 6. d4 d5 7. Bb2 c5 8. Nbd2 Nc6 9. c3 cxd4 10. cxd4 Bf5 11. Rc1 Rc8 12. a3 Qb6 13. b4 Nxd2 $146 ({RR} 13... Rfd8 14. Nxe4 Bxe4 15. Nd2 Bf5 16. Nb3 a6 17. Qd2 Na7 18. Rc5 Nb5 19. Rfc1 Nd6 20. Qe1 Ne4 21. Rxc8 Rxc8 22. Nc5 Nd6 23. g4 Be6 24. Nxe6 Rxc1 25. Qxc1 fxe6 26. Bd3 Qd8 27. Kg2 Qd7 28. Qc2 {Firouzja,A (2763)-Vidit,S (2727) London ENG 2024 1-0 (42)}) 14. Qxd2 a6 15. Rc5 e6 16. Rfc1 Rfd8 17. h3 h5 18. Ne5 Bf8 19. Nxc6 Rxc6 20. Rxc6 bxc6 21. g4 hxg4 22. hxg4 Be4 23. f3 Bxf3 24. Bxf3 Bd6 25. Kg2 Kg7 26. e4 Rh8 27. e5 Be7 28. Rh1 Rxh1 29. Kxh1 a5 30. bxa5 Qb3 31. Qc3 Qb5 32. Kg2 Bd8 33. Bc1 Bxa5 34. Qc5 Qa4 35. Bg5 Be1 36. Bf6+ Kg8 37. Qb6 Qa8 38. Qd8+ Qxd8 39. Bxd8 Kf8 40. a4 Ke8 41. Bb6 Kd7 42. a5 c5 43. dxc5 Kc6 44. a6 1-0

[Event "Titled Tue 23rd Jul Late"]
[Site "chess.com INT"]
[Date "2024.07.23"]
[Round "6"]
[White "Terry, R."]
[Black "Shirov, A."]
[Result "1-0"]
[WhiteElo "2526"]
[BlackElo "2665"]
[PlyCount "97"]
[EventDate "2024.07.23"]

1. Nf3 d5 2. b3 Bg4 3. Bb2 Nd7 4. g3 Ngf6 5. Bg2 e6 6. d3 ({RR} 6. O-O Bc5 7. h3 Bh5 8. d3 O-O 9. Nbd2 Re8 10. c4 c6 11. a3 a5 12. Bc3 e5 13. b4 d4 14. bxc5 dxc3 15. Nb1 e4 16. dxe4 Nxe4 17. Qc1 Qf6 18. g4 Ndxc5 19. gxh5 Nb3 20. Qc2 Nxa1 {Yue,T (2047)-Nuri,M (2291) chess.com INT 2025 0-1 (31)}) 6... Bd6 7. Nbd2 Qe7 ({RR} 7... O-O 8. h3 Bh5 9. g4 Bg6 10. Nh4 Be5 11. d4 Bd6 12. Nxg6 hxg6 13. e3 c5 14. g5 Nh5 15. Nf3 cxd4 16. Qxd4 Rc8 17. O-O-O Qc7 18. Rd2 Nc5 19. Ne1 Rfd8 20. Kb1 e5 21. Qg4 d4 22. Nf3 {Carlsen,M (2859)-Keymer,V (2696) Almaty KAZ 2022 1-0}) 8. a3 $146 ({RR} 8. h3 Bxf3 9. Bxf3 Ba3 10. Qc1 Bxb2 11. Qxb2 e5 12. e3 O-O 13. O-O a5 14. a3 Rfe8 15. Bg2 h5 16. b4 h4 17. g4 Nb6 18. c4 axb4 19. axb4 c6 20. Rxa8 Rxa8 21. cxd5 Nfxd5 22. b5 Na4 {Dragun,K (2610)-Holt,C (2578) Chess.com INT 2018 ½-½}) ({RR} 8. c4 Ba3 9. Qc1 Bxb2 10. Qxb2 c6 11. h3 Bh5 12. O-O O-O 13. Rfe1 e5 14. cxd5 cxd5 15. Nh4 Rac8 16. g4 Bg6 17. Rac1 e4 18. Nxg6 hxg6 19. dxe4 dxe4 20. Qd4 Nc5 21. g5 Nh5 22. Nxe4 Nxe4 {Prohaszka,P (2569)-Shirov,A (2665) Ajka HUN 2024 ½-½ (31)}) 8... e5 9. e4 Nc5 10. exd5 Nxd5 11. h3 Bh5 12. O-O O-O 13. Qe1 Rae8 14. Ne4 Nxe4 15. dxe4 Nb6 16. Nh4 Bg6 17. Qa5 a6 18. Nf5 Bxf5 19. exf5 Qg5 20. Be4 Nd7 21. Kg2 Nc5 22. Qe1 g6 23. Bc1 Qh5 24. g4 Qh4 25. f3 Qxe1 26. Rxe1 Nxe4 27. fxe4 Rd8 28. Be3 f6 29. Red1 Kf7 30. Kf3 h5 31. gxh5 gxf5 32. exf5 e4+ 33. Ke2 Rh8 34. h6 Rdg8 35. Rg1 Bf8 36. Rxg8 Rxg8 37. Rd1 Rg2+ 38. Kf1 Rxc2 39. h7 Kg7 40. Rd8 Rc3 41. Ke2 Kxh7 42. Rxf8 Rxb3 43. Rxf6 Rxa3 44. Rf7+ Kg8 45. Rxc7 Ra5 46. f6 Rf5 47. Bd4 Rf3 48. Rxb7 a5 49. h4 1-0